000 00831nam a2200253 i 4500
005 20200104041554.0
008 140318s2005 xxk|||||r|||| 00| 0 spa d
020 _a2831708370
040 _aCO-BoIAVH
_cCO-BoIAVH
041 _aspa
044 _axxk
082 0 4 _a333.72
_bC74b
111 2 _aCongreso mundial de parques
_cDurban
_d2003
245 1 0 _aBeneficios más allá de las fronteras :
_bacta del congreso mundial de parques de la UICN
260 _aCambridge :
_bIUCN;
_c2005.
300 _a326 páginas ;
_c29 cm +
_e1 CD
650 1 4 _aÁreas protegidas
_zÁfrica
650 2 4 _aÁreas protegidas
650 2 4 _aÁreas de conservación de recursos naturales
650 2 4 _aProtección del medio ambiente
650 2 4 _aZonas marinas
942 _cLIBRO
_2ddc
945 _d2005-12-09
999 _c4950
_d4950